Anzo: aislamiento 2000
保存先:
| 主要な著者: | , |
|---|---|
| フォーマット: | 図書 |
| 言語: | スペイン語 |
| 出版事項: |
Santiago
Museo de Arte Contemporáneo
2000
|
| 主題: | |
| タグ: |
タグ追加
タグなし, このレコードへの初めてのタグを付けませんか!
|
MARC
| LEADER | 00000nam a2200000 a 4500 | ||
|---|---|---|---|
| 001 | UCO0510 | ||
| 003 | CL-VaPUC | ||
| 008 | 000420e20000000CL |||||||||||||||||spa|d | ||
| 082 | 0 | 4 | |a 735.23 |b ANZ |2 21 |
| 100 | 0 | |a Anzo |e author |9 441856 | |
| 700 | 0 | |a Iranzo Almonacid, José |e author |9 441857 | |
| 245 | 1 | 0 | |a Anzo: aislamiento 2000 |
| 300 | |a 268 p | ||
| 942 | |c BK | ||
| 945 | |d 20000420 00:00:00 |a rbrito | ||
| 260 | |a Santiago |b Museo de Arte Contemporáneo |c 2000 | ||
| 650 | 0 | |a Escultura española |9 341226 | |
| 650 | 7 | |a ESCULTORES ESPAÑOLES |2 CL-VaPUC |9 268719 | |
| 650 | 0 | |a Arte contemporáneo |9 338008 | |
| 651 | 0 | |a España |9 254926 | |
| 583 | |a last modification |c 20000420 00:00:00 |k Rodrigo Vera | ||
| 999 | |c 287207 |d 287205 | ||
| 952 | |0 0 |1 0 |4 0 |6 735_230000000000000_ANZ_2000 |7 0 |8 R |9 333683 |a BIBART |b BIBART |d 2019-11-20 |i 3615146 |o 735.23 ANZ 2000 |p 3615146 |r 2025-03-13 |w 2019-11-20 |y BK_R |k ART | ||